| 000 | 00568nam a2200241 a 4500 | ||
|---|---|---|---|
| 001 | nice12345678 | ||
| 003 | IN_TiNIC | ||
| 005 | 20260116012124.0 | ||
| 008 | 050524s0000 newa grp 000 0 eng | ||
| 020 |
_a _c100 |
||
| 082 | 0 | 0 |
_a262.7 _bMIC |
| 100 | _aMicklem, Nathaniel | ||
| 245 | _aUltimate Questions. | ||
| 260 |
_aNew York _bAbingdon Press _c0000 |
||
| 300 | _a136p | ||
| 500 | _aincludes index and biblioraphy | ||
| 505 | 2 | _aIndex | |
| 650 | _aChurch-Renewal | ||
| 700 | 1 | _aMicklem, Nathaniel | |
| 902 | _bSRS | ||
| 942 | _cBK | ||
| 999 |
_c5732 _d5732 |
||